Repeticin̤ del presupuesto y dictadura fiscal en el ordenamiento jurd̕ico colombiano

Bibliographic Details
Main Author: Bohr̤quez Ramr̕ez, Gloria Natalia
Format: eBook
Language:Spanish
Published: Colombia : Editorial Universidad de Rosario, 2011
Subjects:
Online Access:Acceso restringido

MARC

LEADER 00000nam a22000007a 4500
005 20120125113519.0
007 cr|||| ||||
008 120125s2011 ck |||||s|||| 00||0 spa d
020 |a 978-958-738-136-8 
035 |a 6133 
040 |a vLex 
090 |c 2948  |d 2948 
100 1 |a Bohr̤quez Ramr̕ez, Gloria Natalia 
245 1 0 |a Repeticin̤ del presupuesto y dictadura fiscal en el ordenamiento jurd̕ico colombiano  |h [Recurso electrn̤ico] /  |c Gloria Natalia Bohr̤quez Ramr̕ez  
256 |a Servicio en ln̕ea 
260 |a Colombia :  |b Editorial Universidad de Rosario,  |c 2011 
300 |a 1 recurso electrn̤ico 
506 1 |a Contenido solo disponible en los productos indicados  |d vLex Global   |d vLex Global (Academic Edition, excluding Law Schools)   |d vLex Global (U.S. Academic Edition, Law Schools)   |d vLex Global (U.S. Academic Edition, excluding Law Schools)   |d vLex Global (Academic Edition, Law Schools)  
650 0 4 |a Presupuestos 
650 0 4 |a Derecho fiscal 
740 0 |a vLex Libros (Servicio en ln̕ea) 
856 4 0 |u http://vlex.com/source/repeticion-presupuesto-dictadura-fiscal-ordenamiento-juridico-colombiano-6133  |z Acceso restringido 
942 |c BOOK 
999 0 |a Budget 
999 0 |a Taxation - Law and legislation